| 000 | 00726cam a2200241Ia 4500 | ||
|---|---|---|---|
| 003 | data | ||
| 005 | 20260322212029.0 | ||
| 008 | data | ||
| 010 | _a95070451 | ||
| 020 | _a1878542400 | ||
| 020 | _a9781878542403 | ||
| 040 |
_aIBS _cIBS _dWaOLN _dOHI _dWaOLN |
||
| 092 | _a658.45 M39 1995 | ||
| 100 | 1 | _aMcGraw, Robert. | |
| 245 | 1 | 0 |
_aLearning to laugh at work : _bthe power of humor in the workplace / _cRobert McGraw. |
| 260 |
_aMission, Kan. : _bSkillPath Publications, c1995. |
||
| 300 |
_aiv, 68 p. : _bill. ; _c22 cm. |
||
| 504 | _aIncludes bibliographical references (p. 67-68) | ||
| 650 | 0 | _aWit and humor in business. | |
| 650 | 0 | _aCommunication in management. | |
| 650 | 0 |
_aWit and humor _xSocial aspects. |
|
| 001 | data | ||
| 999 |
_c664 _d664 |
||